Plagas de los vegetales
Guardado en:
| Formato: | Libro |
|---|---|
| Publicado: |
Buenos Aires :
|
| Materias: | |
| Etiquetas: |
Agregar Etiqueta
Sin Etiquetas, Sea el primero en etiquetar este registro!
|
| LEADER | 00966nam a22001935a 4500 | ||
|---|---|---|---|
| 001 | CEM.cems015606 | ||
| 005 | 20091102172501.0 | ||
| 008 | 130507b######################000#0#####d | ||
| 003 | CEMS | ||
| 020 | |a . | ||
| 082 | 0 | 4 | |a 632.7 |
| 245 | 0 | 0 | |a Plagas de los vegetales |
| 260 | |a Buenos Aires : | ||
| 300 | |a 47 p. | ||
| 505 | 0 | |a Arañuela roja común -- Arañuela roja europea -- Arañuela parda -- Arañuela roja de la alfalfa -- Arañuela de la vid -- Arañuela chata -- Ácaro de la erinosis del peral -- Ácaro de la erinosis del nogal -- Ácaro de la erinosis de la vid -- Ácaro del agamuzado del manzano -- Ácaro del agamuzado del peral -- Tabla de compatibilidad de los plaguicidas -- Cuadro comparativo de las arañuelas más comunes del Valle -- Toxicidad comparativa de los insecticidas y acaricidas: tolerancia | |
| 653 | |a Agricultura | ||
| 653 | |a Cultivos-plagas | ||
| 653 | |a Plagas agrícolas | ||
| 859 | |a CEMS |b BIB. CEMS - Agricultura |h 632.7 |i P691 |p A10300.81 |t Ej.1 | ||
